000 01019nam a2200277 a 4500
001 7724
003 BD-RjUL
005 20211208234450.0
008 160924s1966 gw b 001 0 eng d
035 _a(BD-RjUL)7768
040 _aDLC/ICU
_cICU
_dDLC
_dBD-RjUL
_beng
041 _aeng
082 0 0 _a515.64
_bMOM 1966
_223
100 1 _aMorrey, Charles Bradfield,
_d1907-
_924090
245 1 0 _aMultiple integrals in the calculus of variations /
_c Charles B. Morrey.
260 _aBerlin,
_aHeidelberg,
_aNew York,
_bSpringer,
_cc1966.
300 _aix, 506 p.
_c23 cm.
490 1 _aDie Grundlehren der mathematischen Wissenschaften in Einzeldarstellungen,
_vBd. 130
504 _aBibliography: p. 494-503.
650 0 _aCalculus of variations.
_97162
650 0 _aMultiple integrals.
_921115
830 0 _vBd. 130.
_9157337
830 0 _aGrundlehren der mathematischen Wissenschaften in Einzeldarstellungen mit besonderer Berücksichtigung der Anwendungsgebiete ;
_9151001
942 _2ddc
_cBK
999 _c7724
_d7724